000 01150nam a2200265Ia 4500
003 OSt
005 20220918110955.0
006 a|||||r|||| 00| 0
007 ta
008 220915b |||||||| |||| 00| 0 hin d
020 _a8170556139 (hbk)
_c8500
024 _a259951
037 _b375, 17/02/2011, Vani Prakashan
_cReference Collections
040 _aARTS
_cARTS
_bhin
041 _2hin
_ahin
082 _aO152,1N26x, N8;P7.1-.9(RR)
100 _aभारती, धर्मवीर
245 0 _aधर्मवीर भारती ग्रन्थावली
246 _aDharmavīr bhāratī granthāvalī
260 _aनई दिल्ली
_bवाणी प्रकाशन भारत
_c2007
490 _vखण्ड 1
700 _a बांदिवाडेकर, चन्द्रकान्त, संपा.
_910323
942 _hO152,1N26x, N8;P7.1-.9(RR)
_cREF
999 _c116140
_d116140